000 00919nam a22003017a 4500
001 4776
003 FISKH
005 20250210111145.0
008 241010b cb ||||| |||| 00| 0 eng d
020 _a9780590474634
040 _aFISKH
_beng
_cFISKH
_dFISKH
050 _aPZ7.C6628
082 _a164
100 _aCohen, Miriam
_d(1926-)
245 _aSecond-grade friends /
_cby Miriam Cohen Illustrated by Diane Palmisciano
250 _aFirst printing in 1993
260 _aNew York :
_bScholastic,
_c1993.
300 _a74 pages :
_billustrations ;
_c20 cm
505 _aL
520 _aJacob worries a lot. If only he knew how much his friends from second grade really like him!
521 8 _a520
_bLexile
521 8 _aL
_bRaz-Plus
650 _2Friendship
_aGrade 2
650 _2Homeschool
_aRealistic
700 _aPalmisciano, Diane
_dIllustrator
942 _2ddc
_cBK
_n0
999 _c4776
_d4776